Tiếp tục khơi dòng ( Tiểu luận - Phê bình )

Đã lưu trong:
書目詳細資料
主要作者: Phương Lựu
格式: 圖書
語言:Undetermined
出版: Hà Nội Văn Học 2001
主題:
標簽: 添加標簽
沒有標簽, 成為第一個標記此記錄!
Thư viện lưu trữ: Trung tâm Học liệu Trường Đại học Cần Thơ
LEADER 00572nam a2200193Ia 4500
001 CTU_40296
008 210402s9999 xx 000 0 und d
020 |b 39.000đ 
082 |a 809 
082 |b Ph561 
100 |a Phương Lựu 
245 0 |a Tiếp tục khơi dòng ( Tiểu luận - Phê bình ) 
245 0 |c Phương Lựu 
260 |a Hà Nội 
260 |b Văn Học 
260 |c 2001 
650 |a vietnamese literature - history and criticism 
904 |i Minh, 010227 
980 |a Trung tâm Học liệu Trường Đại học Cần Thơ